<?xml version="1.0" encoding="UTF-8"?>
<record
    xmlns:xsi="http://www.w3.org/2001/XMLSchema-instance"
    xsi:schemaLocation="http://www.loc.gov/MARC21/slim http://www.loc.gov/standards/marcxml/schema/MARC21slim.xsd"
    xmlns="http://www.loc.gov/MARC21/slim">

  <leader>01402nam2a22003131  4500</leader>
  <controlfield tag="001">rc\141480</controlfield>
  <controlfield tag="005">20250612183119.0</controlfield>
  <datafield tag="010" ind1=" " ind2=" ">
    <subfield code="a">5-85255-085-X</subfield>
    <subfield code="9">50000</subfield>
  </datafield>
  <datafield tag="035" ind1=" " ind2=" ">
    <subfield code="a">(NLR Aleph) 008782541</subfield>
  </datafield>
  <datafield tag="090" ind1=" " ind2=" ">
    <subfield code="a">7991277</subfield>
    <subfield code="c">7991277</subfield>
  </datafield>
  <datafield tag="100" ind1=" " ind2=" ">
    <subfield code="a">20030307d1991    |||y0rusy50      ca</subfield>
  </datafield>
  <datafield tag="101" ind1="0" ind2=" ">
    <subfield code="a">rus</subfield>
  </datafield>
  <datafield tag="102" ind1=" " ind2=" ">
    <subfield code="a">RU</subfield>
  </datafield>
  <datafield tag="105" ind1=" " ind2=" ">
    <subfield code="a">y   |||||||||</subfield>
  </datafield>
  <datafield tag="200" ind1="1" ind2=" ">
    <subfield code="a">&#x41A;&#x438;&#x43C;</subfield>
    <subfield code="a">&#x41D;&#x430;&#x443;&#x43B;&#x430;&#x43A;&#x430;</subfield>
    <subfield code="e">&#x420;&#x43E;&#x43C;&#x430;&#x43D;&#x44B;</subfield>
    <subfield code="a">&#x420;&#x430;&#x441;&#x441;&#x43A;&#x430;&#x437;&#x44B;</subfield>
    <subfield code="f">[&#x41F;&#x435;&#x440;. &#x410;.&#x41F;. &#x420;&#x435;&#x43F;&#x438;&#x43D;&#x43E;&#x439;]</subfield>
  </datafield>
  <datafield tag="210" ind1=" " ind2=" ">
    <subfield code="d">1991</subfield>
    <subfield code="a">&#x411;. &#x43C;.</subfield>
  </datafield>
  <datafield tag="215" ind1=" " ind2=" ">
    <subfield code="a">605, [2] &#x441;.</subfield>
  </datafield>
  <datafield tag="327" ind1="1" ind2=" ">
    <subfield code="a">&#x421;&#x43E;&#x434;&#x435;&#x440;&#x436;.: &#x420;&#x43E;&#x43C;&#x430;&#x43D;&#x44B;: &#x41A;&#x438;&#x43C;; &#x41D;&#x430;&#x443;&#x43B;&#x430;&#x43A;&#x430;; &#x420;&#x430;&#x441;&#x441;&#x43A;&#x430;&#x437;&#x44B;: &#x421;&#x442;&#x440;&#x435;&#x43B;&#x44B; &#x430;&#x43C;&#x443;&#x440;&#x430;; &#x412; &#x43A;&#x440;&#x430;&#x442;&#x435;&#x440;&#x435;</subfield>
  </datafield>
  <datafield tag="461" ind1=" " ind2="0">
    <subfield code="1">001rc\141479</subfield>
    <subfield code="1">2001#$a&#x421;&#x43E;&#x431;&#x440;&#x430;&#x43D;&#x438;&#x435; &#x441;&#x43E;&#x447;&#x438;&#x43D;&#x435;&#x43D;&#x438;&#x439;$e&#x412; 5 &#x442;.$e[&#x41F;&#x435;&#x440;&#x435;&#x432;&#x43E;&#x434;]$f&#x420;&#x435;&#x434;&#x44C;&#x44F;&#x440;&#x434; &#x41A;&#x438;&#x43F;&#x43B;&#x438;&#x43D;&#x433;$v&#x422;. 1</subfield>
    <subfield code="1">700#1$a&#x41A;&#x438;&#x43F;&#x43B;&#x438;&#x43D;&#x433;$b&#x420;.$f1865-1936$g&#x420;&#x435;&#x434;&#x44C;&#x44F;&#x440;&#x434;$3RU\NLR\AUTH\775969</subfield>
    <subfield code="9">7956757</subfield>
    <subfield code="a">&#x41A;&#x438;&#x43F;&#x43B;&#x438;&#x43D;&#x433;, &#x420;. (1865-1936)</subfield>
    <subfield code="c">&#x41C;.</subfield>
    <subfield code="d">1991-</subfield>
    <subfield code="f">&#x420;&#x435;&#x434;&#x44C;&#x44F;&#x440;&#x434; &#x41A;&#x438;&#x43F;&#x43B;&#x438;&#x43D;&#x433;</subfield>
    <subfield code="n">&#x418;&#x437;&#x434;. &#x446;&#x435;&#x43D;&#x442;&#x440; "&#x422;&#x435;&#x440;&#x440;&#x430;"</subfield>
    <subfield code="o">&#x412; 5 &#x442;. : [&#x41F;&#x435;&#x440;&#x435;&#x432;&#x43E;&#x434;]</subfield>
    <subfield code="t">&#x421;&#x43E;&#x431;&#x440;&#x430;&#x43D;&#x438;&#x435; &#x441;&#x43E;&#x447;&#x438;&#x43D;&#x435;&#x43D;&#x438;&#x439;</subfield>
    <subfield code="y">5852550833</subfield>
    <subfield code="v">&#x422;. 1</subfield>
  </datafield>
  <datafield tag="464" ind1=" " ind2="0">
    <subfield code="1">2001#$a&#x41A;&#x438;&#x43C;</subfield>
    <subfield code="t">&#x41A;&#x438;&#x43C;</subfield>
  </datafield>
  <datafield tag="464" ind1=" " ind2="0">
    <subfield code="1">2001#$a&#x41D;&#x430;&#x443;&#x43B;&#x430;&#x43A;&#x430;</subfield>
    <subfield code="t">&#x41D;&#x430;&#x443;&#x43B;&#x430;&#x43A;&#x430;</subfield>
  </datafield>
  <datafield tag="464" ind1=" " ind2="0">
    <subfield code="1">2001#$a&#x421;&#x442;&#x440;&#x435;&#x43B;&#x44B; &#x430;&#x43C;&#x443;&#x440;&#x430;</subfield>
    <subfield code="t">&#x421;&#x442;&#x440;&#x435;&#x43B;&#x44B; &#x430;&#x43C;&#x443;&#x440;&#x430;</subfield>
  </datafield>
  <datafield tag="464" ind1=" " ind2="0">
    <subfield code="1">2001#$a&#x412; &#x43A;&#x440;&#x430;&#x442;&#x435;&#x440;&#x435;</subfield>
    <subfield code="t">&#x412; &#x43A;&#x440;&#x430;&#x442;&#x435;&#x440;&#x435;</subfield>
  </datafield>
  <datafield tag="801" ind1=" " ind2="0">
    <subfield code="a">RU</subfield>
    <subfield code="b">NLR</subfield>
    <subfield code="g">psbo</subfield>
  </datafield>
  <datafield tag="801" ind1=" " ind2="1">
    <subfield code="a">RU</subfield>
    <subfield code="b">ELAR</subfield>
    <subfield code="2">rusmarc</subfield>
  </datafield>
  <datafield tag="852" ind1=" " ind2=" ">
    <subfield code="a">NLR</subfield>
    <subfield code="j">91-2/2563</subfield>
  </datafield>
  <datafield tag="942" ind1=" " ind2=" ">
    <subfield code="c">BOOK</subfield>
  </datafield>
  <datafield tag="980" ind1=" " ind2=" ">
    <subfield code="a">NB</subfield>
  </datafield>
  <datafield tag="995" ind1=" " ind2=" ">
    <subfield code="5">2013-10-26</subfield>
    <subfield code="b">NLR01</subfield>
    <subfield code="c">NLR01</subfield>
    <subfield code="e">RF9</subfield>
    <subfield code="f">8782541-10</subfield>
    <subfield code="k">91-2/2563</subfield>
    <subfield code="o">0</subfield>
    <subfield code="r">BOOK</subfield>
    <subfield code="s">9122563_</subfield>
  </datafield>
</record>
